000 00727nam a2200241Ia 4500
003 OSt
005 20220930193636.0
006 a|||||r|||| 00| 0
007 ta
008 220926b |||||||| |||| 00| 0 hin d
024 _a11783
037 _cDissertations
040 _aCRL
_cCRL
_bhin
041 _2hin
_ahin
100 _aPhakka Sushama
_9562528
110 _aUniversity of Delhi. Faculty of Arts. Department of Sanskrit
245 0 _aDevata vaci shabdon ka vikasa
_b Sanskrit poshon ke adhara paru-12 vishatab di taka
260 _c1978
650 _aSANSKRIT
700 _aUniversity of Delhi. Faculty of Arts. Department of Sanskrit
942 _cDIS
_2CC
999 _c896748
_d896748